000 01588nam a2200301 4500
003 EC-UNACH
005 20251217133801.0
006 s||||gr|||| 00| 00
008 150116t9999 mx r gr 000 0 spa d
020 _a978-9942-920-02-7
040 _aEC-UNACH
_cEC-UNACH
041 _aspa
082 0 4 _223
_a539
_bL018516
110 _aEditorial ULVR-G
245 _aEstrategia metodológica para el desarrollo de la Física
250 _aSegunda edición
264 _aEcuador
_bEditorial ULVR-G
_c2012
300 _a183
505 _aI parte La importancia de la enseñanza aprendizaje de la ciencia física.-- Capítulo I Importancia de la enseñanza aprendizaje de la ciencia Física.-- Capítulo II Proceso de enseñanza aprendizaje.-- Capítulo III Metodología de la enseñanza.-- Capítulo IV Los trabajos Prácticos en la física.-- Capítulo V Importancia de la tecnología en la vida cotidiana.-- Parte II Estrategia metodológica para la enseñanza aprendizaje de la Física.-- Capítulo VI Estrategia metodológica para la enseñanza aprendizaje de la Física.-- Capítulo VII Metodología aplicada ofertada.-- Capítulo VIII Metodología para las clases.-- Capítulo IX Metodología para los trabajos práctico de laboratorio.-- Capítulo X Metodología para la utilización de los medios
650 _aMETODOLOGIA
650 _a APRENDIZAJE
650 _a MODELOS DE ENSEÑANZA
700 _aTorres Prieto Jorge Bernardino
942 _2ddc
_c1
999 _c14315